LEADER 00980nam a2200229 i 4500 001 000000146335 003 CaOOAMICUS 005 20051228000000.0 008 051228s1933 fr u000 u fre u 013 $a123016 040 $aSeMil$bita 100 1 $aBonsirven, Joseph-Paul .$0(OLS)http://semarc/name/89150 245 14$aLes idées juives :$bau temps de Notre-Seigneur /$cpar Joseph Bonsirven , S. J. 260 $a[Paris] :$bBloud & Gay,$ccopyr. 1933. 300 $a220 p. ;$c19 cm. 650 4$aGiudaismo.$0(OLS)http://semarc/subject/2880 650 4$aMessianesimo - Concezione giudaica.$0(OLS)http://semarc/subject/20687 850 $aSeMil 852 $aSeMil$W1$xVenegono$y1$m660 186 8 *$j99015$B99015$CSeMilBibl$Z2$F107367 $81 961 $aRecupero: Biblioteca Seminario Saronno 996 $6245$aLes idées juives :$bau temps de Notre-Seigneur$9(OLS)http://semarc/title/214003 996 $6260$a[Paris] :$bBloud & Gay$9(OLS)http://semarc/publisher/33099 LEADER 01191nam a2200241 i 4500 001 000000240673 003 CaOOAMICUS 005 20220817090241.0 008 150407s1790 it u000 u ita u 013 $a219578 026 $ae-i- c-i- e-e, cume (3) 1790 (R) 040 $aSeMil$bita 100 1 $aTamagna, Giuseppe,$d<1747-1798>.$0(OLS)http://semarc/name/14601 245 10$aRisposta ad ambi i quesiti proposti nel libello anonimo. 300 $a[4], 306, [2] p. 500 $aSegn.: pg2 A-2P4 2Q2 773 0 $aTamagna, Giuseppe <1747-1798>$tOrigini e prerogative de' cardinali della S.R.C. Opera composta, ed in due parti divisa dal p.m. Giuseppe Tamagna romano ... per servire di risposta all'anonimo libello 1. Cosa è un cardinale? 2. Può egli il vescovo ... Parte 1. [-2.].$dIn Roma : Dalle Stampe di Gioacchino Puccinelli a S. Andrea della Valle, 1790.$g2$w()31704 850 $aSeMil 852 $aSeMil$W1$xVenegono$y1$m3D IV 41 FA$j191019$B191019$CSeMilBibl$Z2$F201839 $8I 941 1 $a10 961 $aRecupero: Mantegazza 996 $6245$aRisposta ad ambi i quesiti proposti nel libello anonimo$9(OLS)http://semarc/title/342233 LEADER 01054nam a2200265 i 4500 001 000000121531 003 CaOOAMICUS 005 20031223000000.0 008 031223s1993 it u000 u ita u 013 $a94226 020 $a88-18-01099-9 040 $aSeMil$bita 100 1 $aFromm, Erich,$d<1900-1980>.$0(OLS)http://semarc/name/17422 245 13$aLa legge degli ebrei :$bsociologia della Diaspora ebraica /$cErich Fromm. 260 $aMilano :$bRusconi,$c1993. 300 $a199 p. ;$c22 cm. 500 $aContiene : Bibliografia. - Fondo Card. C.M. Martini. 650 4$aEbrei - Diaspora.$0(OLS)http://semarc/subject/12654 850 $aSeMil 852 $aSeMil$W1$xVenegono$y1$m1C VI 72$j76601$B76601$CSeMilBibl$Z2$F78495 $81 941 1 $a4 961 $aOmaggio: Martini Card. Carlo Maria 996 $6020$a88-18-01099-9$9(OLS)http://semarc/number/107007 996 $6245$aLa legge degli ebrei :$bsociologia della Diaspora ebraica$9(OLS)http://semarc/title/178907 996 $6260$aMilano :$bRusconi$9(OLS)http://semarc/publisher/30258